Арифметика дробных чисел и основных величин (Запись № 30692)

Подробности
000 -МАРКЕР
контрольное поле 00692nam a22002051i 4500
001 - КОНТРОЛЬНЫЙ НОМЕР ЗАПИСИ
контрольное поле 000030692
003 - ПРИНАДЛЕЖНОСТЬ КОНТРОЛЬНОГО НОМЕРА
контрольное поле RuMoIPM
005 - ДАТА И ВРЕМЯ ПОСЛЕДНЕЙ ТРАНЗАКЦИИ
контрольное поле 20260601103255.0
008 - ЭЛЕМЕНТЫ ДАННЫХ ФИКСИРОВАННОЙ ДЛИНЫ
контрольное поле 130415s1955----ur | c rus
040 ## - ОРГАНИЗАЦИЯ-СОЗДАТЕЛЬ ЗАПИСИ
организация-создатель исходной библиографической записи RuMoIPM
язык каталогизации rus
правила каталогизации rcr
041 0# - КОД ЯЗЫКА
код языка текста Русский
080 ## - ИНДЕКС УНИВЕРСАЛЬНОЙ ДЕСЯТИЧНОЙ КЛАССИФИКАЦИИ
индекс Универсальной десятичной классификации 511.11(07)
080 ## - ИНДЕКС УНИВЕРСАЛЬНОЙ ДЕСЯТИЧНОЙ КЛАССИФИКАЦИИ
индекс Универсальной десятичной классификации 511.13(07)
100 1# - ИМЯ ЛИЦА КАК ОСНОВНОЙ ПОИСКОВЫЙ ПРИЗНАК
имя лица Андронов, Иван Козьмич
245 1# - ОБЛАСТЬ ЗАГЛАВИЯ И СВЕДЕНИЙ ОБ ОТВЕТСТВЕННОСТИ
заглавие Арифметика дробных чисел и основных величин
сведения, относящиеся к заглавию, и т. д Пособие для сред. школ
сведения об ответственности и т. д И. К. Андронов
260 ## - ОБЛАСТЬ ВЫХОДНЫХ ДАННЫХ
место публикации, распространения, изготовления и т. д Москва
издательство, издатель, распространитель и т. д Учпедгиз
дата издания, распространения и т. д 1955
300 ## - ОБЛАСТЬ КОЛИЧЕСТВЕННОЙ ХАРАКТЕРИСТИКИ
объём 344 с.
прочее ил.
500 ## - ПРИМЕЧАНИЕ ОБЩЕГО ХАРАКТЕРА
текст примечания Перед загл. авт.: проф. И.К. Андронов
942 ## - ДАННЫЕ О ЗАПИСИ (KOHA)
Тип экземпляра (KOHA) Книга
Экземпляры
Статус выдачи Библиотека держатель Текущая библиотека Местонахождение Шифр хранения Тип экземпляра
  Институт прикладной математики им. М.В. Келдыша Институт прикладной математики им. М.В. Келдыша Миусская 511 / А 66 Книга